000 00682nam a2200229Ia 4500
001 14700
003 GE_BSU
008 181216s||||||||xx |||||||||||||| ||und||
040 _cGE_BSU
080 _a624.154(035.5)
100 _aМетелюк,Н.С. Шишко,Г.Ф. и др.
245 _aСваи и свайные фундаменты.
245 _bСправочное пособие.
245 _cРед. Н.И.Кубанова, О.И.Рожок.
260 _aКиев.
260 _bБудiвельник.
260 _c1977.
300 _a256 стр. 22 см.
300 _eТабл.
653 _aСваи и свайные фундаменты.
942 _cBK
999 _c47826
_d47826